LIBRARY & INFORMATION CENTRE, KCAET, TAVANUR

ONLINE PUBLIC ACCESS CATALOGUE (OPAC)

Cereals: Processing and nutritional quality (Record no. 13700)

MARC details
000 -LEADER
fixed length control field 00327nam a22001337a 4500
020 ## - INTERNATIONAL STANDARD BOOK NUMBER
ISBN 9789380235073
082 ## - DEWEY DECIMAL CLASSIFICATION NUMBER
Classification number 664.7
Item number RAM/CE
100 ## - MAIN ENTRY--AUTHOR NAME
Personal name Ram, Sewa
245 ## - TITLE STATEMENT
Title Cereals: Processing and nutritional quality
260 ## - PUBLICATION, DISTRIBUTION, ETC. (IMPRINT)
Place of publication New Delhi
Name of publisher New India Publishing Agency
Year of publication 2010
300 ## - PHYSICAL DESCRIPTION
Number of Pages 314
700 ## - ADDED ENTRY--PERSONAL NAME
Personal name Mishra, B
942 ## - ADDED ENTRY ELEMENTS (KOHA)
Koha item type Books
Holdings
Withdrawn status Lost status Damaged status Collection code Home library Current library Shelving location Date acquired Source of acquisition Cost, normal purchase price Full call number Accession Number Koha item type
      Non-fiction KAUAET KAUAET General Stacks 31/03/2012 Southern Book Star 1640.00 664.7 RAM/CE 23374 Books
free website counter